Sports Quiz

Random Sports or NFL Quiz

100+ Receptions (Green Bay Packers) Quiz Stats

 Plays Quiz Updated Apr 30, 2018

Challenge
Share
Tweet
Embed
Score 0/21 Timer 06:00
4 Plays Today
Receptions Player % Correct
497Jordy Nelson
94.4%
743Donald Driver
81%
432Randall Cobb
77.9%
425Greg Jennings
61.6%
350Ahman Green
59.3%
237Davante Adams
58.4%
360James Jones
55.7%
202Antonio Freeman
52.7%
223Jermichael Finley
45.7%
256Bubba Franks
40.3%
101Eddie Lacy
40.1%
Receptions Player % Correct
120Richard Rodgers
39%
157Javon Walker
32.9%
110Brandon Jackson
27.8%
111Dorsey Levens
24.9%
125James Starks
23.6%
178Donald Lee
13.2%
192Bill Schroeder
11.5%
116Robert Ferguson
10.8%
212William Henderson
10.7%
125Tony Fisher
4%

You're not logged in!

Compare scores with friends on all Sporcle quizzes.
Join for Free
OR
Log In

You Might Also Like...

Show Comments

Extras

Top Quizzes Today


Score Distribution

Your Account Isn't Verified!

In order to create a playlist on Sporcle, you need to verify the email address you used during registration. Go to your Sporcle Settings to finish the process.

Report this User

Report this user for behavior that violates our Community Guidelines.

Details: